Processo Eleitoral Sistematizaȯ̂ das Aė̳s Eleitorais /

Bibliographic Details
Main Author: Lucena Esmeraldo, Elmana Viana
Format: eBook
Language:Portuguese
Published: San Pablo: JH Mizuno, 2016
Subjects:
Online Access:Acceso restringido

MARC

LEADER 00000nam a22000007a 4500
005 20180304223431.0
007 cr|||| ||||
008 180304s2016 br |||||s|||| 00||0 por d
020 |a 978-85-7789-290-7 
035 |a 21025 
040 |a vLex 
090 |c 7442  |d 7442 
100 1 |a Lucena Esmeraldo, Elmana Viana 
245 1 0 |a Processo Eleitoral  |h [Recurso electrn̤ico] :  |b Sistematizaȯ̂ das Aė̳s Eleitorais /  |c Elmana Viana Lucena Esmeraldo 
256 |a Servicio en ln̕ea 
260 |a San Pablo:  |b JH Mizuno,  |c 2016 
300 |a 1 recurso electrn̤ico 
500 |a A presente obra representa um verdadeiro manual completo e indispensv̀el a todos os profissionais que atuam na r̀ea do Direito Eleitoral, apresentando, de forma inovadora, a sistematizaȯ̂ de cada uma das aė̳s eleitorais cv̕eis e expondo, de forma didt̀ica, objetiva e sistematizada, os elementos caracterizadores de cada uma delas, como as hipt̤eses de cabimento, competn̊cia, legitimidade, prazos, procedimentos, sanė̳s e consequn̊cias, efeitos da decisô e recursos. Essa 3® ediȯ̂ ̌especial, dado o momento que vivenciamos, s̉ všperas de um pleito municipal permeado por recentes e profundas alteraė̳s promovidas pela Reforma Eleitoral de 2015 e pela entrada em vigor do novo Cd̤igo de Processo Civil que alicerȧram a cabal atualizaȯ̂ da obra. Todos os temas abordados foram atualizados pelas Resoluė̳s do TSE editadas para regulamentar as eleiė̳s municipais de 2016 e pelas novas interpretaė̳s dadas aos dispositivos legais pela Corte Superior Eleitoral. A obra foi enriquecida com centenas de refern̊cias aos julgados do TSE, dada a forte relevńcia dos precedentes no sistema processual atual que constituem importante ferramenta de orientaȯ̂ a todos os operadores do Direito. De novidade, acrescentamos um espaȯ com comentr̀ios acerca dos influxos do novo Cd̤igo de Processo Civil de 2015 no ḿbito processual eleitoral, quadros didt̀icos com a relaȯ̂ das aė̳s eleitorais e respectivo fundamento legal, prazo e procedimento, bem como das condutas vedadas aos agentes pb︢licos em campanha, segregadas por pero̕do de vedaȯ̂. Ao final, foi includ̕o um novo capt̕ulo para tratar da Representaȯ̂ do art. 45, VI, da Lei nð 9.504/1997, relacionada entre as representaė̳s especf̕icas na Resoluȯ̂ do TSE que regulamentou o tema para as eleiė̳s de 2016, e um anexo com comentr̀ios s̉ Leis nð 12.891/2013 (Reforma Eleitoral de 2013) e nð 13.165/2015 (Reforma Eleitoral de 2015). 
506 1 |a Disponible solo en los productos indicados  |d vLex Global  |d vLex Global (Academic Edition, excluding Law Schools)  |d vLex Global (U.S. Academic Edition, Law Schools)  |d vLex Global (U.S. Academic Edition, excluding Law Schools)  |d vLex Global (Academic Edition, Law Schools) 
650 0 4 |a Derecho Constitucional  |z Brasil 
740 0 |a vLex Libros (Servicio en ln̕ea) 
856 4 0 |u http://vlex.com/source/processo-eleitoral-sistematiza-o-das-a-es-eleitorais-21025  |z Acceso restringido 
942 |c BOOK 
999 0 |a Constitutional right